| 000 | 00558nam a22001697a 4500 | ||
|---|---|---|---|
| 999 |
_c18271 _d18271 |
||
| 003 | AR-CdUCM | ||
| 008 | 190513b ||||| |||| 00| 0 spa d | ||
| 040 |
_aMUNICIPALIDAD PROVINCIAL DEL CUSCO _cBIBLIOTECA MUNICIPAL DEL CUSCO |
||
| 082 |
_a859.9 / _bM19 |
||
| 100 |
_aMalaparte, Curzio _910168 |
||
| 245 | _aLa peil / | ||
| 260 |
_aBuenos Aires, _bAmericana, _c1952. |
||
| 300 |
_a262 páginas ; _c24 cm. |
||
| 505 | _aLa peste -- La virgen de napoles -- Las rosas de carne -- El hijo de Andan -- El viento negro... | ||
| 942 |
_2ddc _cLIBROS |
||
| 945 | _awfj | ||